Normal view
MARC view
Entry Personal Name
001 - CONTROL NUMBER
- control field: 25132
003 - CONTROL NUMBER IDENTIFIER
- control field: UA-OsUOA
005 - DATE AND TIME OF LATEST TRANSACTION
- control field: 20260429143002.0
008 - FIXED-LENGTH DATA ELEMENTS
- fixed length control field: 260429|| aca||aabn | a|a d
040 ## - CATALOGING SOURCE
- Original cataloging agency: UA-OsUOA
- Transcribing agency: UA-OsUOA
100 ## - HEADING--PERSONAL NAME
- Personal name: Скупейко Л. І
670 ## - SOURCE DATA FOUND
- Source citation: Work cat.: (UA-OsUOA)335129: Скупейко Л. І., Міфопоетика "Лісової пісні" Лесі Українки, 2006